00309nam a22000977a 4500008004100000082001800041100002300059245007100082260005000153300000800203230605b xxu||||| |||| 00| 0 eng d a328.3658bGIC cPatrick G. Gichohi aEffective Committee MembershipbA Guide for Mmembers of Parliament aNairobi, KenyabParliament of KenyacMay,2006 a60p